| 000 | 00551nam a22001937a 4500 | ||
|---|---|---|---|
| 003 | KOHA_MİRAKIL | ||
| 005 | 20251119160039.0 | ||
| 008 | 251119b tu ||||| |||| 00| 0 tur d | ||
| 020 | _a9786053160496 | ||
| 040 |
_aTR-AnABB _btur _cTR-AnABB |
||
| 041 | _atur | ||
| 082 |
_a828.99343 _bHAR 2016 |
||
| 100 | 1 | _aHarrower, Elizabeth, | |
| 245 | 1 | 0 |
_aGözetleme kulesi / _cElizabeth Harrower |
| 260 |
_aİstanbul : _bMetis Yayıncılık, _c2016 |
||
| 300 |
_a248 sayfa ; _c22 cm |
||
| 650 | 0 | 4 | _aAvustralya edebiyatı, roman |
| 942 |
_2ddc _cBK |
||
| 999 |
_c9546 _d9546 |
||
| 900 | _bGizem YORULMAZ | ||